BIBLIOTECA

SENCICO

Sistema empresarial de mejora continua (Registro nro. 1564)

Detalles MARC
000 -LEADER
fixed length control field 00543nam a2200217Ia 4500
005 - DATE AND TIME OF LATEST TRANSACTION
control field 20251020182515.0
008 - FIXED-LENGTH DATA ELEMENTS--GENERAL INFORMATION
fixed length control field 200515s9999 xx 000 0 und d
020 ## - INTERNATIONAL STANDARD BOOK NUMBER
International Standard Book Number 968-6210-07-5
082 ## - DEWEY DECIMAL CLASSIFICATION NUMBER
Classification number 658.56/R81
100 ## - MAIN ENTRY--PERSONAL NAME
Personal name Romo, Abraham G.
245 #0 - TITLE STATEMENT
Title Sistema empresarial de mejora continua
260 ## - PUBLICATION, DISTRIBUTION, ETC.
Place of publication, distribution, etc. México, D.F.
260 ## - PUBLICATION, DISTRIBUTION, ETC.
Name of publisher, distributor, etc. Colegio de Graduados en Alta Dirección
260 ## - PUBLICATION, DISTRIBUTION, ETC.
Date of publication, distribution, etc. 1987
300 ## - PHYSICAL DESCRIPTION
Other physical details il., tbls.
500 ## - GENERAL NOTE
General note 1 ejemplar
650 ## - SUBJECT ADDED ENTRY--TOPICAL TERM
Topical term or geographic name entry element CALIDAD TOTAL
650 ## - SUBJECT ADDED ENTRY--TOPICAL TERM
Topical term or geographic name entry element PLAN DE MEJORA
942 ## - ADDED ENTRY ELEMENTS (KOHA)
Koha item type Libros
Existencias
Fecha de la última vez que lo usaron Pago total Signatura topográfica completa Código de barras Precio efectivo desde Tipo de documento Estado perdido Estado dañado No es para préstamo Retirado Ubicación permanente Ubicación actual Fecha de adquisición
15/05/2020   658.56/R81 Bib-Lima15051564 15/05/2020 Libros         Biblioteca Central Lima Biblioteca Central Lima 15/05/2020